[Event "Leon"]
[Site "Leon"]
[Date "1989.??.??"]
[Round "?"]
[White "Sanz Alonso, Francisco Javier"]
[Black "Polgar, Zsuzsa"]
[Result "0-1"]
[WhiteElo "2420"]
[BlackElo "2510"]
[PlyCount "140"]
[EventDate "1989.06.??"]
[EventType "tourn"]
[EventRounds "11"]
[EventCountry "ESP"]
[EventCategory "8"]
[Source "ChessBase"]
[SourceDate "1996.11.15"]

1. e4 c5 2. Nf3 g6 3. c4 Nc6 4. d4 cxd4 5. Nxd4 Nf6 6. Nc3 d6 7. Nc2 Bg7 8. Be2
Nd7 9. Bd2 Nc5 10. O-O O-O 11. f3 a5 12. Be3 a4 13. Qd2 Qa5 14. Rac1 Bd7 15.
Kh1 Rfd8 16. Rfd1 Be8 17. Na3 Kh8 18. Bf1 Bd7 19. Nab5 Be6 20. Qf2 Rac8 21. Nd5
Rf8 22. Nbc7 Bxd5 23. Nxd5 e6 24. Bd2 Qd8 25. Nc3 Bd4 26. Be3 e5 27. Nb5 Ne6
28. Nxd4 Nexd4 29. Rc3 Qe7 30. Ra3 Ra8 31. Bd3 Qe6 32. Rc1 Ra5 33. Bd2 Ra7 34.
c5 dxc5 35. Rxc5 Rd8 36. Bc4 Qe7 37. Rd5 b5 38. Rxd8+ Qxd8 39. Bd5 Rd7 40. f4
Qf6 41. Rd3 Ne7 42. Be3 Nxd5 43. Rxd4 Nb6 44. fxe5 Qxf2 45. Bxf2 Kg8 46. Rd6
Rxd6 47. exd6 Nd7 48. Kg1 f6 49. Kf1 Kf7 50. Ke2 Ke6 51. Kd3 Kxd6 52. Bd4 Kc6
53. h3 Kd6 54. Kc3 f5 55. exf5 gxf5 56. Kd3 Kd5 57. Ke3 f4+ 58. Kd3 Ne5+ 59.
Bxe5 Kxe5 60. Ke2 Ke4 61. a3 Kd4 62. h4 Ke4 63. h5 h6 64. Kd2 Kd4 65. Ke2 Kc4
66. Kd2 b4 67. axb4 Kxb4 68. Kd1 Kc5 69. Kc1 Kd5 70. Kd1 Ke5 0-1

[Event "Lillafured"]
[Site "Lillafured"]
[Date "1989.??.??"]
[Round "?"]
[White "Barczay, Laszlo"]
[Black "Polgar, Zsuzsa"]
[Result "0-1"]
[WhiteElo "2395"]
[BlackElo "2510"]
[PlyCount "84"]
[EventDate "1989.06.??"]
[EventType "tourn"]
[EventRounds "11"]
[EventCountry "HUN"]
[EventCategory "8"]
[Source "ChessBase"]
[SourceDate "1994.03.01"]

1. Nf3 f5 2. g3 Nf6 3. Bg2 g6 4. O-O Bg7 5. d3 d6 6. Nc3 e5 7. e4 fxe4 8. dxe4
O-O 9. h3 Nbd7 10. Be3 b6 11. Ne1 Bb7 12. Nd3 Qe7 13. Kh2 a5 14. Qd2 a4 15. Nb4
Nc5 16. Nbd5 Qd7 17. Rad1 Nh5 18. Rfe1 Rae8 19. Ne2 Ne6 20. Kg1 Kh8 21. Qb4 Bc6
22. c4 Qc8 23. Qd2 Bd7 24. g4 Nf6 25. Ng3 Ng8 26. f4 exf4 27. Nxf4 Be5 28. Rf1
Nxf4 29. Bxf4 Bc6 30. Ne2 Qe6 31. b3 axb3 32. axb3 Bxf4 33. Nxf4 Qe5 34. Nd5
Bxd5 35. exd5 Rxf1+ 36. Rxf1 Nf6 37. Qf4 Qxf4 38. Rxf4 Kg7 39. Kf2 g5 40. Rd4
Ra8 41. Bf3 Ra2+ 42. Ke3 Rh2 0-1

[Event "Lillafured"]
[Site "Lillafured"]
[Date "1989.??.??"]
[Round "?"]
[White "Polgar, Zsuzsa"]
[Black "Blees, Albert"]
[Result "1-0"]
[WhiteElo "2510"]
[BlackElo "2345"]
[PlyCount "77"]
[EventDate "1989.06.??"]
[EventType "tourn"]
[EventRounds "11"]
[EventCountry "HUN"]
[EventCategory "8"]
[Source "ChessBase"]
[SourceDate "1994.03.01"]

1. Nf3 Nf6 2. c4 e6 3. d4 c5 4. d5 exd5 5. cxd5 d6 6. e4 g6 7. h3 Bg7 8. Bd3
O-O 9. Nc3 Bd7 10. Bf4 Qc7 11. O-O c4 12. Bc2 Na6 13. e5 Nh5 14. exd6 Qb6 15.
Be5 Qxb2 16. Ne4 Bxe5 17. Rb1 Qxa2 18. Nxe5 Bf5 19. Rxb7 Bxe4 20. Bxe4 Nc5 21.
Bb1 Qa6 22. Rb4 Qxd6 23. Nxc4 Qf6 24. d6 Qc3 25. Qe1 Nf4 26. Qxc3 Ne2+ 27. Kh2
Nxc3 28. Ne5 Rfe8 29. Nc6 Re6 30. Rc1 a5 31. Rc4 Ne2 32. Rxc5 Nxc1 33. d7 Nb3
34. Ne7+ Kg7 35. Rc8 Rd6 36. Rxa8 Rxd7 37. Nc6 Nd2 38. Bc2 Rc7 39. Ra6 1-0

[Event "Wch U20"]
[Site "Tunja"]
[Date "1989.??.??"]
[Round "2"]
[White "Polgar, Zsuzsa"]
[Black "Wessman, Richard"]
[Result "0-1"]
[WhiteElo "2520"]
[BlackElo "2370"]
[PlyCount "54"]
[EventDate "1989.08.??"]
[EventType "swiss"]
[EventRounds "13"]
[EventCountry "COL"]
[Source "ChessBase"]
[SourceDate "1994.03.01"]

1. d4 Nf6 2. Nf3 g6 3. Nc3 d5 4. Bf4 Bg7 5. e3 O-O 6. Be2 c5 7. dxc5 Qa5 8. O-O
Qxc5 9. Nb5 Nc6 10. c3 a5 11. Rc1 Bg4 12. a4 Nh5 13. Bc7 Bh8 14. h3 Bxf3 15.
Bxf3 Nf6 16. Qb3 Ne8 17. Bg3 e6 18. Rcd1 Be5 19. Bf4 Bxf4 20. exf4 Nd6 21. Bxd5
exd5 22. Rxd5 Qc4 23. Qd1 Nxb5 24. axb5 Rad8 25. Rd7 Qxb5 26. Re1 Qxb2 27. f5
Qxc3 0-1

[Event "Wch U20"]
[Site "Tunja"]
[Date "1989.??.??"]
[Round "9"]
[White "Gdanski, Jacek"]
[Black "Polgar, Zsuzsa"]
[Result "1/2-1/2"]
[WhiteElo "2405"]
[BlackElo "2520"]
[PlyCount "93"]
[EventDate "1989.08.??"]
[EventType "swiss"]
[EventRounds "13"]
[EventCountry "COL"]
[Source "ChessBase"]
[SourceDate "2004.11.15"]

1. e4 c5 2. Nf3 Nc6 3. Nc3 Nf6 4. Bb5 a6 5. Bxc6 dxc6 6. O-O Bg4 7. h3 Bxf3 8.
Qxf3 Nd7 9. d3 g6 10. a4 a5 11. Qe2 Bg7 12. f4 O-O 13. Kh1 f5 14. Be3 b6 15.
Rad1 e5 16. fxe5 Nxe5 17. exf5 gxf5 18. d4 cxd4 19. Bxd4 Qc7 20. Rfe1 Rae8 21.
Qf2 c5 22. Nd5 Qb7 23. Bxe5 Rxe5 24. Qf3 Kh8 25. Rxe5 Bxe5 26. Re1 Qg7 27. c3
Bg3 28. Re3 Bb8 29. Nf4 Rg8 30. g3 c4 31. Kh2 Qd7 32. Qd5 Qxd5 33. Nxd5 Rd8 34.
Nf4 Rd2+ 35. Ng2 Bd6 36. Re8+ Kg7 37. Rc8 Bc5 38. Rc7+ Kg6 39. h4 Rxb2 40. Kh3
Ra2 41. Nf4+ Kf6 42. Rxh7 Rxa4 43. Rh6+ Kf7 44. Nd5 Ra1 45. Nxb6 Bxb6 46. Rxb6
a4 47. Ra6 1/2-1/2

[Event "Wch U20"]
[Site "Tunja"]
[Date "1989.??.??"]
[Round "11"]
[White "Polgar, Zsuzsa"]
[Black "Ulibin, Mikhail"]
[Result "1/2-1/2"]
[WhiteElo "2520"]
[BlackElo "2495"]
[PlyCount "49"]
[EventDate "1989.08.??"]
[EventType "swiss"]
[EventRounds "13"]
[EventCountry "COL"]
[Source "ChessBase"]
[SourceDate "1994.03.01"]

1. d4 e6 2. Nf3 c5 3. e3 Nf6 4. Bd3 b6 5. c4 Bb7 6. Nc3 cxd4 7. exd4 Bb4 8. O-O
O-O 9. Bg5 Bxc3 10. bxc3 h6 11. Bh4 d6 12. Nd2 Nbd7 13. Ne4 Bxe4 14. Bxe4 Rc8
15. Bd3 Qc7 16. Re1 Rfe8 17. a4 d5 18. Rc1 g6 19. f3 Kg7 20. Bg3 e5 21. Rb1 Re7
22. Bh4 Re6 23. Qb3 Rce8 24. Qb5 e4 25. fxe4 1/2-1/2

[Event "Wch U20"]
[Site "Tunja"]
[Date "1989.??.??"]
[Round "13"]
[White "Koch, Jean Rene"]
[Black "Polgar, Zsuzsa"]
[Result "1-0"]
[WhiteElo "2390"]
[BlackElo "2520"]
[PlyCount "119"]
[EventDate "1989.08.??"]
[EventType "swiss"]
[EventRounds "13"]
[EventCountry "COL"]
[Source "ChessBase"]
[SourceDate "1994.03.01"]

1. e4 e5 2. Nf3 Nc6 3. Bb5 a6 4. Ba4 Nf6 5. O-O Be7 6. Re1 b5 7. Bb3 d6 8. c3
O-O 9. h3 Na5 10. Bc2 c5 11. d4 Qc7 12. Nbd2 cxd4 13. cxd4 Rd8 14. b3 Nc6 15.
Bb2 d5 16. Rc1 Qb6 17. exd5 Nxd5 18. Nxe5 Nxe5 19. Rxe5 Bf6 20. Bxh7+ Kxh7 21.
Qh5+ Kg8 22. Rxd5 Bb7 23. Rdc5 Bxd4 24. Bxd4 Rxd4 25. Nf3 Bxf3 26. Qxf3 Rad8
27. Rc7 Qe6 28. R1c6 R4d6 29. Rxd6 Rxd6 30. Ra7 Qe1+ 31. Kh2 Qe5+ 32. Qg3 Qd5
33. Re7 Rg6 34. Re8+ Kh7 35. Qh4+ Rh6 36. Qd8 Qd6+ 37. Kg1 Qxd8 38. Rxd8 Rc6
39. Ra8 g5 40. g4 Kg6 41. Kg2 Kf6 42. Ra7 Ke6 43. Kf3 Kf6 44. Ke4 Rd6 45. f4
Re6+ 46. Kf3 gxf4 47. Kxf4 Rd6 48. Ke4 Kg6 49. Ke5 Re6+ 50. Kd5 Rf6 51. h4 b4
52. Kc5 Kg7 53. Kxb4 Rf4+ 54. Kc3 Rxg4 55. Rxa6 Rxh4 56. b4 Rh3+ 57. Kc4 Kf8
58. b5 Ke7 59. Kc5 Rh5+ 60. Kc6 1-0

[Event "Vejstrup"]
[Site "Vejstrup"]
[Date "1989.??.??"]
[Round "?"]
[White "Polgar, Zsuzsa"]
[Black "Hoi, Carsten"]
[Result "1-0"]
[WhiteElo "2520"]
[BlackElo "2510"]
[Annotator "ChessBase"]
[PlyCount "80"]
[EventDate "1989.09.??"]
[EventType "tourn"]
[EventRounds "9"]
[EventCountry "DEN"]
[EventCategory "10"]
[Source "ChessBase"]
[SourceDate "1990.04.01"]

1. d4 {Notes by Zsusa Polgar} Nf6 2. c4 g6 3. f3 Bg7 4. e4 O-O 5. Be3 d6 6. Ne2
e5 (6... Nc6 7. Qd2 a6 8. Na3 e5 9. d5 Ne7 10. c5 Ne8 11. Nc3 f5 12. Be2 f4 13.
Bf2 g5 14. O-O-O Ng6 15. Nc4 dxc5 16. Bxc5 Nd6 17. Kb1 Rf7 18. Nxd6 cxd6 19.
Bf2 b5 20. Rc1 $16 {Azmayparashvili,Z-Van Wely,L/Amsterdam OHRA-B/1989/ -> CBM
15}) 7. d5 c6 8. Qd2 cxd5 9. cxd5 Nbd7 10. Na3 $1 Ne8 11. Nc3 f5 12. Be2 a6 13.
O-O {It took me 20 minutes to decide, whether I should play 13.exf5 gxf5 14.
0-0 or the text continuation. But I think I have made the right chice.} f4 $6
14. Bf2 g5 {With this move I declined my opponents draw offer} 15. b4 (15. Rfc1
h5 16. b4 b5 17. Nc2 Nb6 18. a4 Nc4 19. Bxc4 bxc4 20. Na3 g4 21. Nxc4 Qg5 22.
Kf1 h4 23. Nb6 Rb8 24. Nxc8 Rxc8 25. h3 $18 {Azmayparashvili,Z-.Vogt,L/Habana
1988/}) 15... h5 16. Nc4 {16.Tfc1 would transpose to the above mentioned game.}
Rf6 (16... Qe7 17. a4 Nef6 18. g4 $16) 17. a4 Rg6 18. g4 $1 {To stop blacks
counterplay ...g5-g4} hxg4 (18... fxg3 19. hxg3 h4 (19... g4 20. fxg4 hxg4 21.
Kg2 $16) 20. g4 $16) 19. fxg4 Bf8 20. a5 Qe7 21. Kg2 Rh6 22. h3 Qh7 23. Rh1 Be7
24. Bf3 Bd8 25. Qd3 Ndf6 26. b5 $1 axb5 {>= 26...Bd7 +/-} 27. Nxb5 Qe7 28. Na7
$1 Bd7 29. Rab1 Rb8 30. Nb6 $6 {30.a6 was winning immediately} Bxb6 31. Rxb6
Qh7 32. Qe2 $2 {>= 32.Rbb1! +-} Bc8 $2 $138 (32... Bxg4 $1 33. Bxg4 Nxg4 34.
Qxg4 Qxe4+ 35. Qf3 Qh7 $16) 33. a6 Qc7 {33...Bxg4} 34. Nxc8 Qxc8 35. Qb2 Rh7
36. Rc1 Qd7 37. Rb1 Qa4 38. a7 $1 Ra8 (38... Qxa7 39. Ra1 $18) 39. Rb4 Qa6 40.
Ra1 Qd3 $138 {Together with this move black ost on time. But 41.Ra3 would trap
the Queen anyway. (Zsusa Polgar)} 1-0

[Event "EU-chT (Men) 09th"]
[Site "Haifa"]
[Date "1989.??.??"]
[Round "8.3"]
[White "Polgar, Zsuzsa"]
[Black "Wittmann, Walter"]
[Result "1-0"]
[WhiteElo "2520"]
[BlackElo "2400"]
[PlyCount "121"]
[EventDate "1989.11.23"]
[EventType "team-swiss"]
[EventRounds "9"]
[EventCountry "ISR"]
[Source "ChessBase"]
[SourceDate "1999.07.01"]
[WhiteTeam "Hungary"]
[BlackTeam "Austria"]
[WhiteTeamCountry "HUN"]
[BlackTeamCountry "AUT"]

1. Nf3 Nf6 2. g3 g6 3. b3 Bg7 4. Bb2 c5 5. c4 d6 6. Bg2 e5 7. Nc3 Nc6 8. O-O
O-O 9. Ne1 Be6 10. Nd5 Qd7 11. Nc2 Bh3 12. Nxf6+ Bxf6 13. Ne3 Bxg2 14. Kxg2 Bg7
15. Nd5 f5 16. f3 Rf7 17. e4 Raf8 18. Qe2 Nd8 19. Rae1 b6 20. f4 Nc6 21. exf5
Rxf5 22. fxe5 Bxe5 23. Bxe5 Nxe5 24. Qe4 Kg7 25. Rxf5 Qxf5 26. Qxf5 Rxf5 27.
Nc3 Rf7 28. Re4 Rd7 29. d4 Nc6 30. d5 Ne5 31. Re2 a6 32. h3 h6 33. g4 Rb7 34.
a4 Rb8 35. Ne4 Nf7 36. Rf2 Rb7 37. Rf6 Re7 38. Re6 Kf8 39. Kf2 Rxe6 40. dxe6
Nd8 41. Nxd6 Nxe6 42. Nc8 Nd4 43. Ke3 Nxb3 44. Ke4 b5 45. cxb5 axb5 46. axb5 c4
47. b6 c3 48. Kd3 Ke8 49. Kxc3 Nc5 50. Kc4 Nb7 51. Kd5 Kd7 52. Na7 Nd8 53. Nb5
Nb7 54. Nd4 Nd8 55. Nb3 Nf7 56. Nc5+ Kc8 57. h4 g5 58. h5 Nd8 59. Kd6 Kb8 60.
Kd7 Nf7 61. Nd3 1-0

[Event "Corfu schev"]
[Site "Corfu"]
[Date "1990.??.??"]
[Round "1"]
[White "Grivas, Efstratios"]
[Black "Polgar, Zsuzsa"]
[Result "1/2-1/2"]
[WhiteElo "2445"]
[BlackElo "2500"]
[PlyCount "86"]
[EventDate "1990.??.??"]
[EventType "schev"]
[EventRounds "6"]
[EventCountry "GRE"]
[Source "ChessBase"]
[SourceDate "1998.11.10"]

1. d4 d5 2. c4 dxc4 3. Nf3 c5 4. e3 cxd4 5. Bxc4 Qc7 6. Bb3 dxe3 7. Bxe3 e6 8.
O-O Nf6 9. Nc3 a6 10. Na4 Nfd7 11. Ng5 Be7 12. Qh5 Bxg5 13. Bxg5 O-O 14. Rfe1
Nc6 15. Re3 Re8 16. Bc2 g6 17. Qh6 f5 18. Bxf5 Nde5 19. Bh3 Nf7 20. Qh4 Nxg5
21. Qxg5 e5 22. Nc3 Qd8 23. Qh6 Nd4 24. Rf1 Re7 25. Ne4 Qf8 26. Qg5 Kg7 27.
Bxc8 Rxc8 28. Ng3 h6 29. Qg4 Rcc7 30. h4 Qc8 31. Qe4 Qe6 32. b3 Qc6 33. Qg4 Qe6
34. Qd1 Rcd7 35. Rd3 Qd5 36. Kh1 Rf7 37. Qg4 Kh7 38. h5 g5 39. Qe4+ Qxe4 40.
Nxe4 Rf4 41. Re3 Nc2 42. Re2 Nd4 43. Re3 Nc2 1/2-1/2

[Event "Corfu schev"]
[Site "Corfu"]
[Date "1990.??.??"]
[Round "2"]
[White "Polgar, Zsuzsa"]
[Black "Skembris, Spyridon"]
[Result "1/2-1/2"]
[WhiteElo "2500"]
[BlackElo "2470"]
[PlyCount "84"]
[EventDate "1990.??.??"]
[EventType "schev"]
[EventRounds "6"]
[EventCountry "GRE"]
[Source "ChessBase"]
[SourceDate "1998.11.10"]

1. d4 Nf6 2. Nf3 e6 3. c4 b6 4. e3 Bb7 5. Bd3 Be7 6. Nc3 d5 7. O-O O-O 8. b3
Nbd7 9. Bb2 c5 10. Qe2 Ne4 11. cxd5 Nxc3 12. Bxc3 Bxd5 13. Rfd1 Qc7 14. Rac1
Rad8 15. Bb2 Qb8 16. Bb1 Qa8 17. dxc5 Nxc5 18. b4 Ne4 19. b5 Bf6 20. Bxe4 Bxe4
21. Bxf6 gxf6 22. Nd4 e5 23. Nc6 Rxd1+ 24. Qxd1 a6 25. Qg4+ Bg6 26. Qh4 Kg7 27.
Rd1 Re8 28. Rd6 Re6 29. Rxe6 fxe6 30. Qc4 axb5 31. Qxe6 Qa3 32. h4 Qc1+ 33. Kh2
Qc4 34. Qd7+ Kh6 35. Qd6 Qxh4+ 36. Kg1 Kg5 37. Nd8 Qc4 38. f4+ exf4 39. Ne6+
Kg4 40. Nxf4 Qc1+ 41. Kf2 Qc2+ 42. Kg1 Qc1+ 1/2-1/2

[Event "Corfu schev"]
[Site "Corfu"]
[Date "1990.??.??"]
[Round "3"]
[White "Kotronias, Vasilios"]
[Black "Polgar, Zsuzsa"]
[Result "1/2-1/2"]
[WhiteElo "2500"]
[BlackElo "2500"]
[PlyCount "97"]
[EventDate "1990.??.??"]
[EventType "schev"]
[EventRounds "6"]
[EventCountry "GRE"]
[Source "ChessBase"]
[SourceDate "1998.11.10"]

1. e4 c5 2. Nf3 g6 3. d4 Bg7 4. Nc3 cxd4 5. Nxd4 Nc6 6. Nb3 Nf6 7. Be2 O-O 8.
O-O d6 9. Bg5 a6 10. f4 b5 11. Bf3 b4 12. Na4 Qc7 13. c4 Rb8 14. Rc1 Nd7 15.
Bh4 Bh6 16. Qd2 Nc5 17. Naxc5 dxc5 18. Bg3 Rd8 19. Qf2 Bxf4 20. Bxf4 Qxf4 21.
Qxc5 Qd6 22. Rfd1 Qxc5+ 23. Nxc5 Be6 24. Nxe6 fxe6 25. Bg4 Kg7 26. Bxe6 Nd4 27.
Bg4 h5 28. Bf3 e5 29. Kf2 Rbc8 30. c5 Rc6 31. Rc4 a5 32. h4 Rdc8 33. Rdc1 Ne6
34. a3 Rxc5 35. Rxc5 Rxc5 36. Rxc5 Nxc5 37. axb4 axb4 38. Ke3 Na4 39. Bd1 Nc5
40. Be2 Kf6 41. Bb5 Ke7 42. Bc6 Kf7 43. Bd5+ Kf6 44. Bc4 g5 45. g3 g4 46. Bd5
Ke7 47. Bc4 Kf6 48. Bb5 Kf7 49. b3 1/2-1/2

[Event "Corfu schev"]
[Site "Corfu"]
[Date "1990.??.??"]
[Round "4"]
[White "Polgar, Zsuzsa"]
[Black "Grivas, Efstratios"]
[Result "1-0"]
[WhiteElo "2500"]
[BlackElo "2445"]
[PlyCount "69"]
[EventDate "1990.??.??"]
[EventType "schev"]
[EventRounds "6"]
[EventCountry "GRE"]
[Source "ChessBase"]
[SourceDate "1998.11.10"]

1. d4 f5 2. c4 Nf6 3. Nc3 g6 4. h4 Bg7 5. h5 Nxh5 6. e4 Nf6 7. e5 Ne4 8. Nxe4
fxe4 9. Qc2 Nc6 10. Be3 Nb4 11. Qb3 c5 12. f4 cxd4 13. Bxd4 Nc6 14. O-O-O Nxd4
15. Rxd4 Qb6 16. Rxe4 Qxb3 17. axb3 O-O 18. g3 d6 19. exd6 exd6 20. Bg2 Bf5 21.
Re1 Rae8 22. Bd5+ Kh8 23. Nf3 Bf6 24. Ng5 Bxg5 25. fxg5 b6 26. b4 Kg7 27. Kd2
Bd7 28. Rxe8 Rxe8 29. Ra1 a5 30. bxa5 bxa5 31. Rxa5 Be6 32. b4 Bxd5 33. Rxd5
Rb8 34. Kc3 Rb6 35. Rb5 1-0

[Event "Corfu schev"]
[Site "Corfu"]
[Date "1990.??.??"]
[Round "5"]
[White "Skembris, Spyridon"]
[Black "Polgar, Zsuzsa"]
[Result "1-0"]
[WhiteElo "2470"]
[BlackElo "2500"]
[PlyCount "67"]
[EventDate "1990.??.??"]
[EventType "schev"]
[EventRounds "6"]
[EventCountry "GRE"]
[Source "ChessBase"]
[SourceDate "1998.11.10"]

1. d4 Nf6 2. c4 e6 3. Nc3 d5 4. Nf3 dxc4 5. e3 c5 6. Bxc4 a6 7. O-O b5 8. Bd3
cxd4 9. exd4 Be7 10. Qe2 Bb7 11. Rd1 Nbd7 12. a4 b4 13. Nb1 Nd5 14. Be3 Qb8 15.
Nbd2 Nf4 16. Bxf4 Qxf4 17. Be4 Bxe4 18. Nxe4 O-O 19. d5 exd5 20. Rxd5 Qc7 21.
Rad1 Nb6 22. R5d4 Rfd8 23. b3 Rxd4 24. Rxd4 Qc6 25. g3 a5 26. Qd3 h6 27. Ne5
Qe6 28. Qb5 Rd8 29. Rxd8+ Bxd8 30. Nd2 Bc7 31. Nc6 Nd5 32. Qxd5 Qe1+ 33. Kg2
Bb6 34. Ne4 1-0

[Event "HUN-chT 9091"]
[Site "Hungary"]
[Date "1990.??.??"]
[Round "?"]
[White "Pinter, Jozsef"]
[Black "Polgar, Zsuzsa"]
[Result "1/2-1/2"]
[WhiteElo "2555"]
[BlackElo "2500"]
[PlyCount "98"]
[EventDate "1990.??.??"]
[EventType "team"]
[EventRounds "13"]
[EventCountry "HUN"]
[Source "ChessBase"]
[SourceDate "2009.11.30"]

1. d4 d5 2. c4 dxc4 3. Nf3 c5 4. e3 cxd4 5. Bxc4 Qc7 6. Qb3 e6 7. exd4 Nf6 8.
Nc3 a6 9. Bg5 Be7 10. Rc1 Nc6 11. Bd3 O-O 12. h3 Qd8 13. Be3 e5 14. dxe5 Qxd3
15. exf6 Bxf6 16. Nd5 Qf5 17. Nxf6+ Qxf6 18. O-O Qe6 19. Qa3 Qg6 20. Rc5 h6 21.
Qb3 Qe6 22. Qc3 Bd7 23. Rd1 Rad8 24. Re1 Qd6 25. b4 Rc8 26. a3 b6 27. Rh5 Rfe8
28. Qa1 Qg6 29. Rh4 b5 30. Rf4 Be6 31. Rc1 Ne7 32. Ne5 Rxc1+ 33. Qxc1 Qh5 34.
Bd4 Rd8 35. Qa1 Ng6 36. Nxg6 Qxg6 37. Kh2 Rd5 38. Qc3 Rg5 39. g4 h5 40. f3 hxg4
41. fxg4 f5 42. gxf5 Bxf5 (42... Rg2+ 43. Kh1 Rg1+ 44. Bxg1 Bd5+ 45. Qf3 $1 (
45. Rf3 $2 Qg3 46. Qb3 Qxh3+ 47. Bh2 Qxf5 48. Kg2 Qg5+ $19) 45... Qc6 46. Kg2
Bxf3+ 47. Rxf3 $11) 43. Qf3 Qd6 44. Bc5 Qe5 45. Bf2 Rh5 46. h4 g5 47. Qxh5 gxf4
48. Qg5+ Kf7 49. h5 f3+ 1/2-1/2

[Event "New Delhi"]
[Site "New Delhi"]
[Date "1990.??.??"]
[Round "?"]
[White "Polgar, Zsuzsa"]
[Black "Prasad, Devaki V"]
[Result "1-0"]
[WhiteElo "2510"]
[BlackElo "2425"]
[PlyCount "73"]
[EventDate "1990.??.??"]
[EventType "tourn"]
[EventRounds "9"]
[EventCountry "IND"]
[Source "ChessBase"]
[SourceDate "2009.11.30"]

1. d4 e6 2. Nf3 f5 3. d5 Nf6 4. dxe6 dxe6 5. Qxd8+ Kxd8 6. Nc3 Bd6 7. e4 fxe4
8. Ng5 Ke7 9. Ngxe4 Nc6 10. Bg5 h6 11. Bh4 Nd4 12. O-O-O Nf5 13. Nxd6 cxd6 14.
Bxf6+ gxf6 15. Bd3 Nh4 16. g3 Nf3 17. Be2 Ne5 18. Rhe1 h5 19. f4 Nf7 20. Bc4 f5
21. Nb5 Rh6 22. Nd4 Rf6 23. Be2 Bd7 24. Bxh5 Rh8 25. Bf3 Rxh2 26. Bxb7 Kd8 27.
Re3 Rg6 28. Ra3 Rh3 29. Rxa7 Rhxg3 30. Bc6 Bxc6 31. Nxc6+ Ke8 32. a4 Rf3 33. a5
Rxf4 34. a6 Rg2 35. b3 Rff2 36. Nb4 Ne5 37. Rh1 1-0

[Event "New Delhi"]
[Site "New Delhi"]
[Date "1990.??.??"]
[Round "?"]
[White "Polgar, Zsuzsa"]
[Black "Thipsay, Praveen Mahadeo"]
[Result "1/2-1/2"]
[WhiteElo "2510"]
[BlackElo "2490"]
[PlyCount "44"]
[EventDate "1990.??.??"]
[EventType "tourn"]
[EventRounds "9"]
[EventCountry "IND"]
[Source "ChessBase"]
[SourceDate "2009.11.30"]

1. d4 Nf6 2. c4 g6 3. Nc3 Bg7 4. e4 d6 5. Nf3 O-O 6. Be2 e5 7. O-O Nc6 8. Be3
Ng4 9. Bg5 f6 10. Bc1 exd4 11. Nxd4 Nxd4 12. Qxd4 f5 13. Qd5+ Kh8 14. exf5 Rxf5
15. Qd1 Nh6 16. Be3 Rf8 17. Bd4 Qd7 18. c5 Nf5 19. Bg4 Bxd4 20. Bxf5 Qg7 21.
Bxc8 Raxc8 22. cxd6 Bxc3 1/2-1/2

[Event "Hoogovens-B"]
[Site "Wijk aan Zee"]
[Date "1990.01.??"]
[Round "1"]
[White "Polgar, Zsuzsa"]
[Black "Fedorowicz, John P"]
[Result "1/2-1/2"]
[WhiteElo "2500"]
[BlackElo "2560"]
[PlyCount "122"]
[EventDate "1990.01.??"]
[EventType "tourn"]
[EventRounds "11"]
[EventCountry "NED"]
[EventCategory "9"]
[Source "ChessBase"]
[SourceDate "1990.08.01"]

1. d4 Nf6 2. Nf3 c5 3. d5 b5 4. Bg5 Ne4 5. Bf4 Qa5+ 6. Nbd2 g6 7. a4 Nxd2 8.
Nxd2 Bg7 9. axb5 Qxb5 10. e4 Qb7 11. Nc4 d6 12. c3 O-O 13. Bd3 f5 14. Qd2 fxe4
15. Bxe4 Bf5 16. Bf3 Bd3 17. Qxd3 Rxf4 18. O-O Nd7 19. g3 Rxc4 20. Qxc4 Qxb2
21. Qa6 Ne5 22. Bg2 h5 23. Qa3 Qc2 24. Rac1 Qd3 25. Qa4 c4 26. Qc2 a5 27. Rfd1
Qxc2 28. Rxc2 a4 29. Ra1 Nd3 30. Ra3 Kf7 31. Rca2 Nc5 32. Bf1 Rb8 33. Bxc4 Ne4
34. Rc2 Nc5 35. Kg2 Rb1 36. f4 Ke8 37. Rca2 Bf6 38. Kf3 h4 39. Kg4 hxg3 40.
hxg3 Kf7 41. Kf3 g5 42. fxg5 Bxg5 43. Ra1 Rb2 44. Be2 Bf6 45. g4 Bg5 46. Bd1
Rd2 47. Bxa4 Rd3+ 48. Kg2 Rd2+ 49. Kf3 Rd3+ 50. Kg2 Rd2+ 51. Kh1 Ne4 52. Rf1+
Kg7 53. c4 Bf6 54. Raf3 Be5 55. Rh3 Nf2+ 56. Rxf2 Rxf2 57. Bd7 Rf4 58. Bf5 Rxc4
59. g5 Rf4 60. Rh7+ Kg8 61. Bg6 Rg4 1/2-1/2

[Event "Hoogovens-B"]
[Site "Wijk aan Zee"]
[Date "1990.01.??"]
[Round "4"]
[White "Van der Sterren, Paul"]
[Black "Polgar, Zsuzsa"]
[Result "1/2-1/2"]
[WhiteElo "2515"]
[BlackElo "2500"]
[Annotator "Polgar,Zsu"]
[PlyCount "75"]
[EventDate "1990.01.??"]
[EventType "tourn"]
[EventRounds "11"]
[EventCountry "NED"]
[EventCategory "9"]
[Source "ChessBase"]
[SourceDate "1990.08.01"]

1. d4 {Ftacnik} d5 2. c4 dxc4 3. Nf3 c5 4. d5 e6 5. Nc3 Nf6 6. e4 exd5 7. e5
Nfd7 8. Bg5 (8. Qxd5 Nb6 9. Qxd8+ Kxd8 10. Bg5+ Ke8 11. O-O-O Be7 $10 {Torre,
E-Seirawan,Y/London/1984/}) 8... Be7 9. Bxe7 Qxe7 10. Nxd5 Qd8 11. Qc2 (11.
Bxc4 Nc6 12. Qa4 {Christiansen,L-Polgar,Zsu/Reykjavik/1988/} O-O $1 (12... Nb6
13. Nxb6 Qxb6 14. O-O $1 O-O 15. Qc2) 13. O-O-O Nd4 $13) 11... Nxe5 (11... Nb6
$6 12. O-O-O $1 {Lukacs,P-Polgar,Zsu/HUN-ch/1986/}) 12. Qe4 Be6 13. Qxe5 Qxd5
14. Qxg7 Rf8 15. Rd1 Qe4+ (15... Qf5 $2 16. Ng5 Qg6 17. Qxg6 hxg6 18. Nxe6 fxe6
19. Bxc4 Ke7 20. Bd3 $1 { 21.>>d3-e4 >>}) 16. Be2 Nd7 17. Ng5 Qg6 18. Nxe6 (
18. Qxg6 hxg6 19. Nxe6 fxe6 20. Bxc4 Ke7 21. Bd3 Ne5 (21... Rf4 22. f3 Rb4 23.
b3 Ne5 $10 {Haifman-Vladimirov/Taschkent/1987/}) 22. Be4 Rad8 $10 {Timman,
J-Polgar,Zsu/Cologne/1987/}) 18... Qxe6 19. Qxh7 (19. Qg5 f6 20. Qh5+ Rf7 21.
O-O O-O-O 22. Rd6 Qxd6 23. Qxf7 Ne5 24. Qxh7 $13 {Vladimirov,E-Piket,J/
Tashkent/1987/}) 19... O-O-O 20. Qc2 Rfe8 (20... Ne5 $2 21. O-O $16) 21. h4 Ne5
$1 {N} (21... Re7 $6 22. Rh3 Rde8 23. Re3 $16 {Epishin,V-Vladimirov,E/Barnaul/
1988/}) (21... f5 22. Kf1 Ne5 23. Rxd8+ Rxd8 24. Rh3 Kb8 25. b3 cxb3 26. axb3
f4 27. h5 $16 {Van der Sterren,P-Kamski,G/Groningen/1989/} (27. Qc3 $5 $14 {
Ftacnik})) 22. Rxd8+ (22. O-O Rd4 $1 {Brenninkmeijer,J-Polgar,Zsu/Wijk/1990/})
22... Rxd8 23. Rh3 (23. O-O Qg6 24. Qxg6 fxg6 25. h5 gxh5 26. Bxh5 Nd3 $13)
23... Nd3+ (23... Rd3 $5 24. Re3 (24. Bxd3 $4 Nxd3+ 25. Kd2 Qe1#) (24. Rxd3 $2
cxd3 25. Qxc5+ Nc6 $19) 24... Rxe3 25. fxe3 $14) 24. Kf1 Qf5 25. Rf3 (25. Bf3
$2 Re8) 25... Qe4 $1 (25... Qd5 26. b3) 26. Bxd3 (26. g3 Nxf2 $2 (26... Re8 $13
27. b3 c3 $1) (26... Re8 $13 {Ftacnik}) 27. Qxc4 Qxc4 28. Bxc4 $16) (26. h5 $5)
26... cxd3 $1 (26... Rxd3 27. Rxd3 cxd3 28. Qxc5+ Kd7 29. Qe3 $16) 27. Qxc5+
Kb8 28. Rxf7 (28. Re3 $2 Qxe3 $1 $19) 28... Qe2+ $1 (28... Ka8 $2 29. Rf8 Qxh4
$2 30. Qc8+ $1 $18) (28... Rc8 29. Qd6+ Ka8 30. Rf8 $18) (28... Re8 $2 29. Kg1
{ 1/4d6,<<d7 +-}) 29. Kg1 Qc2 $1 30. Qe5+ (30. Qe7 Qc8) (30. Qb4 Qc1+ 31. Kh2
Qc6 32. Qd2 a6 { 1/4c2}) 30... Ka8 31. Rd7 $1 (31. Qg5 Qc8 32. Qd2 a6) 31...
Qc1+ 32. Kh2 Qc8 33. Rd5 (33. Rxd8 Qxd8 34. Qe1 d2 35. Qd1 Qc7+ 36. g3 Qc1 37.
Qh5) 33... a6 34. Qd4 Rxd5 35. Qxd5 Qc2 36. Qd8+ (36. Qe4 Qe2) 36... Ka7 37.
Qd4+ Ka8 (37... b6 38. Qd7+ $10) 38. Qd8+ 1/2-1/2